000 00656nam a22002177a 4500
999 _c10652
_d10652
003 AR-CdUCM
008 190401b ||||| |||| 00| 0 spa d
040 _aMUNICIPALIDAD PROVINCIAL DEL CUSCO
_cBIBLIOTECA MUNICIPAL DEL CUSCO
082 _a823.37 /
_bH43A / 1934
100 _aHernández Catá, A.
_927621
245 _aEl Ángel de Sodoma /
260 _aSantiago de Chile :
_bExito,
_c1934.
300 _a104 páginas ;
_c18 cm.
505 _aContenido: Novela.
650 _aNovelas cubanas
_96366
650 _aSiglo XX
_98
650 _aLiteratura
_983
700 _aMarañon, Gregorio (prólogo)
_927622
942 _2ddc
_cLIBROS
945 _aachl